Carl Hauptmann 1858 - 1921 ... ed. by Mirosława Czarnecka and Hans-Gert Roloff [Rezension]

Titel: Carl Hauptmann 1858 - 1921 ... ed. by Mirosława Czarnecka and Hans-Gert Roloff [Rezension] / Nicholas Saul
Verfasser:
In: ˜Theœ modern language review, Band 103, Heft 1 (2008), Seite 279
alle Artikel anzeigen
Veröffentlicht: 2008
Format: Aufsatz
Sprache: Englisch
Kein Bild verfügbar
X
alg: 19408622
001A    $04504:07-01-08 
001B    $01999:12-07-19 $t15:43:21.000 
001C    $04504:07-01-08 $t11:13:14.000 
001D    $04504:07-01-08 
001U    $0utf8 
001X    $00 
002@    $0Aou 
003@    $0194086224 
007A    $0194086224 $aHEB 
010@    $aeng 
011@    $a2008 
021A    $aCarl Hauptmann 1858 - 1921 ... ed. by Mirosława Czarnecka and Hans-Gert Roloff [Rezension] $hNicholas Saul 
028A    $7137002157 $8Saul, Nicholas$Z1953- [Tp3] $920799935X 
031A    $d103 $e1 $h279 $j2008 
039B    $aIn $8--Abvc--. The @modern language review. - London : MHRA, 1905-. - ISSN 0026-7937 $x200800001030001721 $9047201339 
039T    $8--Aau--. Carl Hauptmann 1858 - 1921. - 1. Aufl.. - Berlin : Weidler, 2004. - 336 S.. - ISBN 3-89693-404-X $9125073992 
045T    $aAVL $qDE-30 $2FID 
045T    $a7,12 
045T    $aLING $qDE-30 $2FID 
045V    $816.15.00$jZu einzelnen Autoren [Tkx] $9118843702 

lok: 19408622 62

exp: 19408622 62 1 #EPN
201B/01 $007-01-08 $t21:21:42.000 
203@/01 $0522920357 
208@/01 $a07-01-08 $be 
209A/01 $a/ $f000 $x00 
209B/01 $a2008 $x05 
247C/01 $8Frankfurt, Bibliographie der Deutschen Sprach- und Literaturwissenschaft $9113214561 
201U/01 $0utf8 

lok: 19408622 78

exp: 19408622 78 1 #EPN
201B/01 $014-02-20 $t11:15:32.000 
201C/01 $014-02-20 
201U/01 $0utf8 
203@/01 $01081962577 
208@/01 $a14-02-20 $be 
209A/01 $a/ $f000 $x00 
209A/01 $ab*p $x01 
220C/01 $apgar 
244Z/01 $#Schlesien $#Schlesien $#Herzogtum Schlesien $#Herzogtum Schlesien Schlesien $#Provinz Schlesien $#Śla̜sk $#Slezsko $#Silesia $74052678-1 $8--Tg1--Schlesien $x01 $9085146781 
247C/01 $82080>Marburg/Lahn, Herder-Institut, Forschungsbibliothek, Bibliographieportal $9336309341
LEADER 00000caa a2200000 c 4500
001 194086224
003 DE-603
005 20190712154321.0
007 tu
008 080107s2008 xx |||| | u00||u|eng c
035 |a (DE-599)HEB194086224 
040 |a DE-603  |b ger  |c DE-603  |d DE-603 
041 |a eng 
084 |a AVL  |q DE-30  |2 fid 
084 |a 7,12  |2 ssgn 
084 |a LING  |q DE-30  |2 fid 
100 1 |a Saul, Nicholas  |d 1953-  |0 (DE-603)20799935X  |0 (DE-588)137002157  |2 gnd 
245 0 0 |a Carl Hauptmann 1858 - 1921 ... ed. by Mirosława Czarnecka and Hans-Gert Roloff [Rezension]  |c Nicholas Saul 
264 0 |c 2008 
773 0 8 |i In  |t ˜Theœ modern language review  |d London : MHRA, 1905-  |x 0026-7937  |g Band 103, Heft 1 (2008), Seite 279  |w (DE-603)047201339  |w (DE-600)184111-7 
787 0 8 |i Rezension von  |t Carl Hauptmann 1858 - 1921  |b 1. Aufl.  |d Berlin : Weidler, 2004  |h 336 S.  |z 389693404X  |w (DE-603)125073992 
924 0 |9 603  |a (DE-603)522920357  |b DE-603  |c HES  |d d 
924 0 |9 2080  |a (DE-603)1081962577  |b DE-2080  |c HES  |d d  |g /